Viscous incompressible flow for low Reynolds numbers / (Record no. 566448)
[ view plain ]
| 000 -LEADER | |
|---|---|
| fixed length control field | 00939cam a22003017a 4500 |
| 001 - CONTROL NUMBER | |
| control field | 13437598 |
| 003 - CONTROL NUMBER IDENTIFIER | |
| control field | CEME |
| 005 - DATE AND TIME OF LATEST TRANSACTION | |
| control field | 20210628201534.0 |
| 008 - FIXED-LENGTH DATA ELEMENTS--GENERAL INFORMATION | |
| fixed length control field | 031218s2004 enka b 001 0 eng d |
| 010 ## - LIBRARY OF CONGRESS CONTROL NUMBER | |
| LC control number | 2003116738 |
| 015 ## - NATIONAL BIBLIOGRAPHY NUMBER | |
| National bibliography number | GBA3-X8878 |
| 020 ## - INTERNATIONAL STANDARD BOOK NUMBER | |
| International Standard Book Number | 1853129917 |
| 035 ## - SYSTEM CONTROL NUMBER | |
| System control number | (OCoLC)ocm51993205 |
| 040 ## - CATALOGING SOURCE | |
| Original cataloging agency | UKM |
| Language of cataloging | eng |
| Transcribing agency | UKM |
| Modifying agency | C#P |
| -- | DLC |
| 042 ## - AUTHENTICATION CODE | |
| Authentication code | lccopycat |
| 050 00 - LIBRARY OF CONGRESS CALL NUMBER | |
| Classification number | QA929 |
| Item number | .K645 2004 |
| 082 00 - DEWEY DECIMAL CLASSIFICATION NUMBER | |
| Classification number | 532/.0533 |
| Edition number | 22 |
| 100 1# - MAIN ENTRY--PERSONAL NAME | |
| Personal name | Kohr, Mirela. |
| 9 (RLIN) | 55718 |
| 245 10 - TITLE STATEMENT | |
| Title | Viscous incompressible flow for low Reynolds numbers / |
| Statement of responsibility, etc. | M. Kohr & I. Pop. |
| 260 ## - PUBLICATION, DISTRIBUTION, ETC. | |
| Place of publication, distribution, etc. | Southampton ; |
| -- | Boston : |
| Name of publisher, distributor, etc. | WIT, |
| Date of publication, distribution, etc. | c2004. |
| 300 ## - PHYSICAL DESCRIPTION | |
| Extent | xvii, 427 p. : |
| Other physical details | ill. ; |
| Dimensions | 24 cm. |
| 440 #0 - SERIES STATEMENT/ADDED ENTRY--TITLE | |
| Title | Advances in boundary elements series, |
| International Standard Serial Number | 1460-1419 ; |
| Volume/sequential designation | v. 16 |
| 9 (RLIN) | 55719 |
| 504 ## - BIBLIOGRAPHY, ETC. NOTE | |
| Bibliography, etc. note | Includes bibliographical references and index. |
| 650 #0 - SUBJECT ADDED ENTRY--TOPICAL TERM | |
| Topical term or geographic name entry element | Viscous flow. |
| 9 (RLIN) | 37739 |
| 650 #0 - SUBJECT ADDED ENTRY--TOPICAL TERM | |
| Topical term or geographic name entry element | Reynolds number. |
| 9 (RLIN) | 55720 |
| 700 1# - ADDED ENTRY--PERSONAL NAME | |
| Personal name | Pop, Ioan, |
| Dates associated with a name | 1937- |
| 9 (RLIN) | 55721 |
| 942 ## - ADDED ENTRY ELEMENTS (KOHA) | |
| Source of classification or shelving scheme | |
| Koha item type | Book |
| Withdrawn status | Lost status | Source of classification or shelving scheme | Damaged status | Not for loan | Permanent Location | Current Location | Shelving location | Date acquired | Total Checkouts | Full call number | Barcode | Date last seen | Price effective from | Koha item type |
|---|---|---|---|---|---|---|---|---|---|---|---|---|---|---|
| College of Electrical & Mechanical Engineering (CEME) | College of Electrical & Mechanical Engineering (CEME) | General Stacks | 02/23/2017 | 532.0533 KOH | CEME-40101 | 06/28/2021 | 06/28/2021 | Book |
